<?xml version="1.0" encoding="UTF-8"?>
<record
    xmlns:xsi="http://www.w3.org/2001/XMLSchema-instance"
    xsi:schemaLocation="http://www.loc.gov/MARC21/slim http://www.loc.gov/standards/marcxml/schema/MARC21slim.xsd"
    xmlns="http://www.loc.gov/MARC21/slim">

  <leader>01428nam a22001817a 4500</leader>
  <controlfield tag="005">20150317095841.0</controlfield>
  <controlfield tag="008">150317b        xxu||||| |||| 00| 0 eng d</controlfield>
  <datafield tag="040" ind1=" " ind2=" ">
    <subfield code="a">ANE</subfield>
  </datafield>
  <datafield tag="041" ind1=" " ind2=" ">
    <subfield code="a">Es</subfield>
  </datafield>
  <datafield tag="082" ind1=" " ind2=" ">
    <subfield code="a">TV-23</subfield>
  </datafield>
  <datafield tag="100" ind1=" " ind2=" ">
    <subfield code="a">Pe&#xF1;aherrera Solah, Blasco</subfield>
    <subfield code="e">presidente de la C&#xE1;mara de Comercio de Quito</subfield>
  </datafield>
  <datafield tag="245" ind1=" " ind2=" ">
    <subfield code="a">Blasco Pe&#xF1;aherrera: Sobretasas arancelarias </subfield>
  </datafield>
  <datafield tag="260" ind1=" " ind2=" ">
    <subfield code="a">Quito</subfield>
    <subfield code="b">Radio Quito</subfield>
    <subfield code="c">2015-03-16</subfield>
  </datafield>
  <datafield tag="300" ind1=" " ind2=" ">
    <subfield code="a">p.</subfield>
  </datafield>
  <datafield tag="520" ind1=" " ind2=" ">
    <subfield code="a"> El presidente de la C&#xE1;mara de Comercio de Quito, Blasco Pe&#xF1;aherrera Solah, en entrevista para Radio Quito, hizo referencia a las repercusiones en la econom&#xED;a ecuatoriana por el aumento de aranceles impuestos a 2800 productos importados entre el 5 y el 45 %. Pe&#xF1;aherrera manifest&#xF3; que la semana anterior fue sumamente compleja para el sector comercial y empresarial, pues las frutas, maquinarias, materia prima, entre otros cuentan con nuevas salvaguardias arancelarias. "Esta medida es un paquetazo comercial, es un paquetazo a todos los productos que se compran y se venden...", sostuvo. </subfield>
  </datafield>
  <datafield tag="650" ind1=" " ind2=" ">
    <subfield code="a">Paquetazo medida/C&#xE1;mara Comercio Quito/Gobierno Nacional/Econom&#xED;a/salvaguardias arancelarias/comercio exterior/aplicaci&#xF3;n porcentajes productos/conserva d&#xF3;lar/crisis ca&#xED;da precio petr&#xF3;leo/sector comercial empresarial/situaci&#xF3;n compleja/pruductos/frutas/maquinarias/materia prima/nuevas tasas arancelarias/paquetazo todos productos/compran venden/</subfield>
  </datafield>
  <datafield tag="942" ind1=" " ind2=" ">
    <subfield code="2">ddc</subfield>
    <subfield code="c">VM</subfield>
    <subfield code="z">IES.</subfield>
  </datafield>
  <datafield tag="999" ind1=" " ind2=" ">
    <subfield code="c">27940</subfield>
    <subfield code="d">27940</subfield>
  </datafield>
  <datafield tag="952" ind1=" " ind2=" ">
    <subfield code="0">0</subfield>
    <subfield code="1">0</subfield>
    <subfield code="2">ddc</subfield>
    <subfield code="4">0</subfield>
    <subfield code="7">0</subfield>
    <subfield code="a">AN01</subfield>
    <subfield code="b">AN01</subfield>
    <subfield code="d">2015-03-17</subfield>
    <subfield code="o">RAD-23</subfield>
    <subfield code="p">RAD-23</subfield>
    <subfield code="r">2015-03-17</subfield>
    <subfield code="w">2015-03-17</subfield>
    <subfield code="y">VM</subfield>
  </datafield>
</record>
